banner-ar

الحرية واخواتها / (Record no. 50579)

MARC details
000 -الفاتح
حقل البيانات ثابتة الطول 01335nam a2200409Ia 4500
005 - وقت وتاريخ اخر تعامل مع التسجيلة
رقم الضبط 20240530104756.0
008 - عناصر البيانات ثابتة الطول - معلومات عامة
حقل البيانات ثابتة الطول 140319s9999 xx 000 0 ara d
040 ## - مصدر الفهرسة
وكالة الفهرسة الأصلية GCL /
وكالة النسخ GCL
082 04 - رقم تصنيف ديوى العشرى
رقم التصنيف 920.71
رقم المادة م ح
100 1# - المدخل الرئيسى - إسم شخصى
الإسم الشخصى محمد عيسى الشرقاوى
245 10 - بيان العنوان
العنوان الحرية واخواتها /
بيان المسئوليه,etc محمد عيسى الشرقاوى
300 ## - الوصف المادى
التعداد 143 ص
490 ## - بيان السلسلة
عنوان السلسلة الهيئة العامة للاستعلامات
رقم المجلد/ التعيين التسلسلي 0
650 04 - المدخل الاضافى بالموضوع-مصطلح موضوعى
مصطلح موضوعي رفاعة الطهطاوى
650 04 - المدخل الاضافى بالموضوع-مصطلح موضوعى
مصطلح موضوعي انطون تشيخوف
650 04 - المدخل الاضافى بالموضوع-مصطلح موضوعى
مصطلح موضوعي عبدالله النديم
650 04 - المدخل الاضافى بالموضوع-مصطلح موضوعى
مصطلح موضوعي عبدالرحمن الجبرتى
650 04 - المدخل الاضافى بالموضوع-مصطلح موضوعى
مصطلح موضوعي الرجال - تراجم
650 04 - المدخل الاضافى بالموضوع-مصطلح موضوعى
مصطلح موضوعي عزالدين القسام
650 04 - المدخل الاضافى بالموضوع-مصطلح موضوعى
مصطلح موضوعي شاوشيسكو
650 04 - المدخل الاضافى بالموضوع-مصطلح موضوعى
مصطلح موضوعي تولستوى, ليو
650 04 - المدخل الاضافى بالموضوع-مصطلح موضوعى
مصطلح موضوعي حاتم السيسى
650 04 - المدخل الاضافى بالموضوع-مصطلح موضوعى
مصطلح موضوعي عبد الرحيم الحاج محمد
650 04 - المدخل الاضافى بالموضوع-مصطلح موضوعى
مصطلح موضوعي ديفيدين جوريون
650 04 - المدخل الاضافى بالموضوع-مصطلح موضوعى
مصطلح موضوعي كارل ماركس
650 04 - المدخل الاضافى بالموضوع-مصطلح موضوعى
مصطلح موضوعي الكسندر سولجنستين
650 04 - المدخل الاضافى بالموضوع-مصطلح موضوعى
مصطلح موضوعي فرانز كافكا
650 04 - المدخل الاضافى بالموضوع-مصطلح موضوعى
مصطلح موضوعي انا بلانديانا
650 04 - المدخل الاضافى بالموضوع-مصطلح موضوعى
مصطلح موضوعي جورج اورويل
650 04 - المدخل الاضافى بالموضوع-مصطلح موضوعى
مصطلح موضوعي عبد القادر الجزائرى
650 04 - المدخل الاضافى بالموضوع-مصطلح موضوعى
مصطلح موضوعي جوزيف ستالين
650 04 - المدخل الاضافى بالموضوع-مصطلح موضوعى
مصطلح موضوعي هافيل
650 04 - المدخل الاضافى بالموضوع-مصطلح موضوعى
مصطلح موضوعي جورجى ماركوف
650 04 - المدخل الاضافى بالموضوع-مصطلح موضوعى
مصطلح موضوعي مايكوفسكى
942 ## - عناصر المدخل الإضافي( كوها)
مصدر التصنيف او مخطط الترفيف Dewey Decimal Classification
Koha [default] item type كتاب
Holdings
حالة التراجع حالة الفقد حالة تلف ليس للاعارة المكان المؤقت الموقع الحالى تاريخ الاكتساب اجمالي اﻻعارات رقم الطلب الباركود تاريخ اخر مشاهدة تاريخ تفعيل السعر نوع وعاء كوها
        مكتبة القاهرة الكبرى مكتبة القاهرة الكبرى 03/26/2014   920.71\م ح 121257 03/26/2014 03/26/2014 كتاب

Powered By

EGPV